| 000 | 00714nam a22002175i 4500 | ||
|---|---|---|---|
| 001 | 158152 | ||
| 003 | ES-MaACL | ||
| 005 | 20230906211033.0 | ||
| 008 | 040824s1898 fr |||| | fre d | ||
| 040 |
_aCAM _bspa _cCAM |
||
| 100 | 1 |
_aLoti, Pierre. _974298 |
|
| 245 | 1 | 3 |
_aLe roman d'un enfant / _cpar Pierre Loti. |
| 250 | _a52e éd. | ||
| 260 |
_aParis : _bCalmann Lévy éditeur, _c1898 ( _eImprimerie de Lagny : _fEmile Colin) |
||
| 300 |
_a314 p. ; _c18 cm. |
||
| 490 | 1 | _aBibliothèque contemporaine | |
| 598 | _aSerie tomada de la cub. original. | ||
| 830 | 0 |
_aBibliothèque contemporaine _9181673 |
|
| 852 |
_aES-MaACL _jB-264 _z-- Enc. hol. conservando la cub. original |
||
| 999 |
_c158152 _d158152 |
||